1912 1759 1902 1109 1669 1621 1325 1144 1689 1977 1173 1022 1123 1254 1267 1152 1070 1368 1615 1632 1187 1944 1587 1268 1270 1333 1508 1144 1039 1314 1095 1486 1377 1139 1330 1275 1024 1031 1308 1888 1544 1020 1577 1683 1563 1923 1464 1825 1261 1834 1735 1110 1328 1372 1441 1214 1480 1037 1399 1674 1718 1621 1004 1023 1409 1858 1966 1905 1109 1932 1535 1536 1380 1072 1294 1742 1342 1193 1809 1612 1074 1362 1437 1334 1542 1096 1411 1092 1206 1571 1911 1513 1676 1598 1924 1702 1679 1038 1330 BCNSPRNW ULIB Ver.6.0+V

เปลี่ยนเป็นภาษาไทย

Change to English
 แสดงรายละเอียดบรรณานุกรม
  กลับหน้าหลัก

Brief Record : Get Marc (ISO 2709) : E-mail record : QR code < ปิดหน้าต่าง
LEADER : 00000nam 2200000uu 4500
001    13399128900
003     ULIB
008    241028s2024||||th 000 0 tha d
020    ^a9780323882521
060 04 ^aWY100^bN974
245 00 ^aNursing outcomes classification (NOC) :^bmeasurement ofhealth outcomes /^ceditors, Sue Moorhead ... [et al.]
250    ^a7th ed.
260    ^aSt. Louis, Mo. :^bElsevier/Mosby,^c2024
300    ^axvii, 863 p. :^bill. ;^c24 cm.
504    ^aIncludes bibliographical references and index
650  0 ^aNursing audit
650  0 ^aOutcome assessment (Medical care)
650  2 ^aNursing Process^xstandards
650  2 ^aOutcome Assessment (Health Care)^xstandards
700 1  ^aMoorhead, Sue.,^eed.
945    ^p2410^l0^i011147
999    ^aประนอม เกษจรัล
รายการนี้ยังไม่มีแท็ก
คุณยังไม่ได้ล็อกอิน คุณสามารถมีกิจกรรมร่วมกับเว็บไซต์ได้ แต่ต้องล็อกอินก่อน ::
  ล็อกอิน

รายการสื่อสารสนเทศ

ลำดับที่ ประเภท เลขเรียก/บาร์โค้ด สถานที่ สถานะ
1. Book การพยาบาล
หนังสือสำรอง
สถานะ=หนังสือสำรอง
WY100 N974 ฉ.1 
  Barcode: 011147
ห้องสมุดวิทยาเขตสวรรค์ประชารักษ์
►หนังสือทั่วไป
บนชั้น

รายการใกล้เคียง
    หัวเรื่อง [Nursing audit]
    หัวเรื่อง [Outcome assessment (Medical care)]

BibComment


ยังไม่เคยถูกคอมเมนท์

คอมเมนท์ทรัพยากรรายการนี้
  คอมเมนท์: Nursing outcomes..


 Copyright 2026. Bcnsprnw @Library